Szemantikus komponensek vizsgálata szkizofréniában [absztrakt] /

Elmentve itt :
Bibliográfiai részletek
Szerzők: Szabó Albert
Kincses Zsigmond Tamás
Testületi szerző: Szent-Györgyi Albert Orvostudományi Egyetem : Házi Tudományos Diákköri Konferencia
Dokumentumtípus: Könyv része
Megjelent: Szent-Györgyi Albert Orvostudományi Egyetem Szeged 1999
Sorozat:Szent-Györgyi Albert Orvostudományi Egyetem : Házi Tudományos Diákköri Konferencia
Kulcsszavak:Szkizofrénia - előadáskivonat, Pszichiátria - előadáskivonat
Tárgyszavak:
Online Access:http://acta.bibl.u-szeged.hu/88535
LEADER 00997naa a2200205 i 4500
001 acta88535
005 20250913064047.0
008 250913s1999 hu o 100 hun d
040 |a SZTE Egyetemi Kiadványok Repozitórium  |b hun 
041 |a hun 
100 1 |a Szabó Albert 
245 1 0 |a Szemantikus komponensek vizsgálata szkizofréniában   |h [elektronikus dokumentum] :  |b [absztrakt] /  |c  Szabó Albert 
260 |a Szent-Györgyi Albert Orvostudományi Egyetem  |b Szeged  |c 1999 
490 0 |a Szent-Györgyi Albert Orvostudományi Egyetem : Házi Tudományos Diákköri Konferencia 
650 4 |a Orvos- és egészségtudomány 
650 4 |a Klinikai orvostan 
695 |a Szkizofrénia - előadáskivonat, Pszichiátria - előadáskivonat 
700 0 1 |a Kincses Zsigmond Tamás  |e aut 
711 |a Szent-Györgyi Albert Orvostudományi Egyetem : Házi Tudományos Diákköri Konferencia  |c Szeged  |d 1999. február 18-20. 
856 4 0 |u http://acta.bibl.u-szeged.hu/88535/1/szote_htdk_1999_065.pdf  |z Dokumentum-elérés